header

The pilgrimage of Stephen Harper (Record no. 13519)

MARC details
000 -LEADER
fixed length control field 01222nam a2200325Ia 4500
100 1# - MAIN ENTRY--AUTHOR NAME
Personal name Mackey, Lloyd.
245 14 - TITLE STATEMENT
Title The pilgrimage of Stephen Harper
260 ## - PUBLICATION, DISTRIBUTION, ETC. (IMPRINT)
Place of publication Toronto :
Name of publisher ECW Press,
Year of publication c2005.
300 ## - PHYSICAL DESCRIPTION
Number of Pages xxi, 221 p.
500 ## - GENERAL NOTE
General note Includes index.
650 #0 - SUBJECT ADDED ENTRY--TOPICAL TERM
Topical Term Politicians
Topical Term Legislators
856 40 - ELECTRONIC LOCATION AND ACCESS
Uniform Resource Identifier http://site.ebrary.com/lib/rucke/Doc?id=10257055

No items available.

© 2026 Rongo University
Contact us: librarian | system librarian | Rongo university